| 000 | 01272njm a2200289Ia 4500 | ||
|---|---|---|---|
| 001 | 23997 | ||
| 003 | IT-RoPAU | ||
| 005 | 20220918181141.0 | ||
| 008 | 131025s9999 xx 000 0 und d | ||
| 040 | _aIT-RoPAU | ||
| 040 | _cIT-RoPAU | ||
| 041 | _aITALIANO | ||
| 999 |
_c101203 _d101203 |
||
| 999 | _bn.d. | ||
| 100 |
_aArtuffo Carlo _98158 |
||
| 100 |
_eAutore musica _98159 |
||
| 100 |
_gCodice autore musica SPICS: 7857 _98160 |
||
| 245 | _aW'i Piemont (con Carlo Artuffo)-Lp 3C 052 17139 | ||
| 250 | _a1a ed. | ||
| 260 | _aVARESE | ||
| 260 |
_bEMI ITALIANA _c1967 [1a Ed.:1967 - Ed. Lingua Orig.: 1967] |
||
| 300 | _aDISCO | ||
| 500 | _aMonologhi e canzoni in dialetto piemontese. Canti folkloristici. Musica popolare | ||
| 505 | _aDammi quella littra (No non te la dago) - I pompista d'me pais - Domani concerto in piazza - L'ordinanza del Capitani - Avventura d'un contadino - Tirte na bala - Veui mostrete na riceta - I porci del nostro paese - Cola birba d' Flipott - L'aso sop - Na parentela baravantana - La predica d' don Cocala - La festa d' Mongardin - Mi hanno bocciato da coporale. | ||
| 650 |
_aPOPOLARE [DISCHI] _eCodice MATERIA SPICS: 9950 _98161 |
||
| 700 |
_aArtuffo Carlo _eAutore testo e musica _gCodice autore testo/musica SPICS: 7857 _98162 |
||
| 942 |
_cMD _2ddc |
||